000 00659nam a2200217Ia 4500
001 3314
003 GE_BSU
008 181216s||||||||xx |||||||||||||| ||und||
040 _cGE_BSU
080 _a519.85
100 _aКарманов,В.Г.
245 _aМатематическое програмирование.
245 _cРед. В.А.Березнев, Т.И.Кузнецова.
250 _aИзд. второе,перераб.и доп.
260 _aМ.
260 _bНаука.
260 _c1980.
300 _a256 стр.с илл. 20 см.
653 _aМатематическое програмирование.
942 _cBK
999 _c37355
_d37355